[Event "CRI-chT"]
[Site "San Jose"]
[Date "2024.05.12"]
[Round "4.1"]
[White "Jimenez Sancho, Pedro Pablo"]
[Black "Ramos Serrano, David Andreny"]
[Result "1-0"]
[WhiteElo "1834"]
[BlackElo "1626"]
[PlyCount "125"]
[EventDate "2024.04.28"]
[EventType "team-swiss"]
[EventRounds "7"]
[EventCountry "CRI"]
[SourceTitle "EXT 2025"]
[Source "ChessBase"]
[SourceDate "2024.10.14"]
[SourceVersion "1"]
[SourceVersionDate "2024.10.14"]
[SourceQuality "1"]
[WhiteTeam "Santa Barbara II"]
[BlackTeam "Kaffa Denei"]
[WhiteTeamCountry "CRI"]
[BlackTeamCountry "CRI"]

1. e4 e5 2. Nf3 Nf6 3. Nxe5 d6 4. Nd3 Nxe4 5. Qe2 Qe7 6. Nf4 Nf6 7. Nc3 c6 8. d4 d5 9. Bd2 Qxe2+ 10. Bxe2 Bd6 11. f3 0-0 12. 0-0-0 Bf5 13. g4 Bg6 14. h4 h6 15. Nxg6 fxg6 16. Rdf1 Nbd7 17. Bd3 Kf7 18. h5 g5 19. f4 gxf4 20. Bxf4 Bxf4+ 21. Rxf4 Ke6 22. Bg6 Kd6 23. Re1 Ng8 24. Bf7 Ndf6 25. Bg6 Ne7 26. Bd3 Nd7 27. Ne2 Rae8 28. Ref1 Rxf4 29. Rxf4 Rf8 30. Kd2 Rxf4 31. Nxf4 Nf6 32. Be2 Ne4+ 33. Ke3 b6 34. c3 Ng5 35. Bd3 Ne6 36. Bc2 c5 37. Nxe6 Kxe6 38. dxc5 bxc5 39. b4 cxb4 40. cxb4 Ke5 41. b5 d4+ 42. Kf3 Nd5 43. a4 Nb4 44. Bb3 d3 45. Ke3 Kd6 46. Bc4 Kc5 47. Bxd3 Nxd3 48. Kxd3 Kb4 49. Kd4 Kxa4 50. Kc4 Ka5 51. Kc5 Ka4 52. b6 axb6+ 53. Kxb6 Kb4 54. Kc6 Kc4 55. Kd6 Kd4 56. Ke6 Ke4 57. Kf7 Kf4 58. Kxg7 Kg5 59. Kh7 Kf6 60. Kxh6 Kf7 61. Kh7 Kf6 62. Kg8 Kg5 63. Kg7 1-0